[Event "GER Seniors Derby 07th"]
[Site "Wesel Undeloh"]
[Date "2008.03.27"]
[Round "1.10"]
[White "Schwenn, Peter"]
[Black "Mayer, Herbert"]
[Result "1/2-1/2"]
[WhiteElo "1546"]
[BlackElo "1775"]
[PlyCount "111"]
[EventDate "2008.03.27"]
[EventType "swiss"]
[EventRounds "7"]
[EventCountry "GER"]
[SourceTitle "EXT 2022"]
[Source "ChessBase"]
[SourceDate "2021.10.06"]
[SourceVersion "1"]
[SourceVersionDate "2021.10.06"]
[SourceQuality "1"]

1. e4 c6 2. c3 d5 3. exd5 cxd5 4. d4 Nc6 5. Nf3 Nf6 6. Bf4 Bg4 7. Be2 e6 8. 0-0 Bd6 9. Bxd6 Qxd6 10. Nbd2 0-0 11. Re1 Rfc8 12. Ne5 Bxe2 13. Qxe2 a6 14. Rac1 b5 15. a3 Na5 16. h3 Ra7 17. Nd3 Nd7 18. Qd1 Rac7 19. Ne5 Nxe5 20. Rxe5 Nc6 21. Re3 Nxd4 22. Rd3 Nf5 23. Ne4 Qe7 24. Nd2 h6 25. Qf3 a5 26. Re1 Qg5 27. Re2 Nh4 28. Qg3 Qxg3 29. Rxg3 Nf5 30. Rd3 Ra7 31. g4 Nd6 32. Rd4 Rb8 33. b3 Rc8 34. Re3 Rac7 35. Rdd3 Kf8 36. f3 Nb7 37. b4 axb4 38. axb4 Nd6 39. Nb3 Nc4 40. Re2 Ra8 41. Kf2 Ra3 42. Nc5 Nb6 43. Rxe6 Na4 44. Rxd5 fxe6 45. Nxe6+ Kf7 46. Nxc7 Nxc3 47. Rf5+ Kg8 48. Nxb5 Ra2+ 49. Ke3 Na4 50. Nd6 Rb2 51. b5 Nb6 52. Kd3 Rb1 53. Kc3 Rd1 54. Ne4 Nd5+ 55. Kc2 Rd4 56. Kc1 1/2-1/2